000 00612nam a22002297a 4500
003 UA-OsUOA
001 95630
007 ta
008 20130305b un ||||| |||| 00| 0 ukr d
100 _aКолосов М.
090 _a821.161.1
_bК61
942 _cBK
040 _aUA-OsUOA
_brus
_cUA-OsUOA
_dUA-OsUOA
245 _aТри круга войны
_bповесть
300 _a446 с.
955 _a3
041 _arus
080 _a821.161.1
260 _aМ.
_bМолодая гвардия
_c1986
650 7 _a82 Література. Літературознавство
_2UDC
999 _c381881
_d381881